
Library Catalogue

| 000 -LEADER | |
|---|---|
| fixed length control field | 01444cam a2200217 a 4500 |
| 005 - DATE AND TIME OF LATEST TRANSACTION | |
| control field | 20260519113553.0 |
| 008 - FIXED-LENGTH DATA ELEMENTS--GENERAL INFORMATION | |
| fixed length control field | 110119s2010 enka b 000 0 eng |
| 020 ## - INTERNATIONAL STANDARD BOOK NUMBER | |
| International Standard Book Number | 9780198067948 (hbk.) |
| 082 04 - DEWEY DECIMAL CLASSIFICATION NUMBER | |
| Classification number | 338.9 JAY |
| 100 1# - MAIN ENTRY--PERSONAL NAME | |
| Personal name | Jayaraj, D. |
| 245 10 - TITLE STATEMENT | |
| Title | Poverty, inequality, and population : |
| Remainder of title | essays in development and applied measurement / |
| Statement of responsibility, etc. | D. Jayaraj and S. Subramanian. |
| 260 ## - PUBLICATION, DISTRIBUTION, ETC. | |
| Place of publication, distribution, etc. | New York : |
| Name of publisher, distributor, etc. | Oxford University Press, |
| Date of publication, distribution, etc. | 2010. |
| 300 ## - PHYSICAL DESCRIPTION | |
| Extent | xvi, 298 p. ; |
| Dimensions | 23 cm. |
| 365 ## - TRADE PRICE | |
| Price amount | RS. 775.00 |
| 505 0# - Contents | |
| Contents | Introduction; 1. Out of school and (probably) in work : child labour and capability deprivation in India; 2. Poverty-eradication through redistributive taxation : some elementary considerations; 3. Poverty and discrimination : measurement and evidence from rural India; 4. Horizontal and vertical inequality : some interconnections and indicators; 5. The distribution of household wealth in India; 6. Comparing the age structures of populations; 7. Assessing the 'agedness' of a population; 8. Assessing the 'femaleness' of a population; 9. Women's well-being and the sex ratio at birth : some suggestive evidence from India; 10. The well-being implications of a change in the sex-ratio of a population; 11. Manufacturing hysteria : on census-inspired 'nationalism'; 12. Abusing demography; |
| 650 #0 - SUBJECT ADDED ENTRY--TOPICAL TERM | |
| Topical term or geographic name entry element | Economic development |
| 650 #0 - SUBJECT ADDED ENTRY--TOPICAL TERM | |
| Topical term or geographic name entry element | Inquality |
| 650 #0 - SUBJECT ADDED ENTRY--TOPICAL TERM | |
| Topical term or geographic name entry element | Pupolation. |
| 700 1# - ADDED ENTRY--PERSONAL NAME | |
| Personal name | Subramanian, S. |
| 942 ## - ADDED ENTRY ELEMENTS (KOHA) | |
| Source of classification or shelving scheme | Dewey Decimal Classification |
| Koha item type | BOOKs |
| Withdrawn status | Lost status | Damaged status | Not for loan | Home library | Current library | Shelving location | Date acquired | Cost, normal purchase price | Total Checkouts | Full call number | Barcode | Date last seen | Price effective from | Koha item type |
|---|---|---|---|---|---|---|---|---|---|---|---|---|---|---|
| NLS | NLS | General Stacks | 30/05/2017 | 775.00 | 338.9 JAY | 26856 | 30/05/2017 | 30/05/2017 | BOOKs |